[Event "Hastings Premier 1985/86 61st"]
[Site "Hastings"]
[Date "1986.01.05"]
[Round "8"]
[White "Plaskett, H James"]
[Black "Balashov, Yuri S"]
[Result "1/2-1/2"]
[WhiteElo "2480"]
[BlackElo "2510"]
[PlyCount "33"]
[EventDate "1985.12.28"]
[EventType "tourn"]
[EventRounds "13"]
[EventCountry "ENG"]
[EventCategory "9"]
[SourceTitle "BritBase"]
[Source "John Saunders"]
[SourceDate "2024.12.03"]
[SourceVersion "1"]
[SourceVersionDate "2024.12.03"]
[SourceQuality "1"]

1. Nf3 d5 2. c4 d4 3. g3 Nc6 4. Bg2 e5 5. O-O Nf6 6. b4 e4 7. Ng5 Bxb4 8. Nxe4 Nxe4 9. Bxe4 O-O 10. a3 Be7 11. d3 Ne5 12. Nd2 c6 13. Rb1 Nd7 14. Nb3 Nc5 15. Nxc5 Bxc5 16. Re1 Re8 17. Qb3 1/2-1/2

[Event "Hastings Premier 1985/86 61st"]
[Site "Hastings"]
[Date "1986.01.05"]
[Round "8"]
[White "Rukavina, Josip"]
[Black "Fedorowicz, John P"]
[Result "1/2-1/2"]
[WhiteElo "2510"]
[BlackElo "2515"]
[PlyCount "78"]
[EventDate "1985.12.28"]
[EventType "tourn"]
[EventRounds "13"]
[EventCountry "ENG"]
[EventCategory "9"]
[SourceTitle "BritBase"]
[Source "John Saunders"]
[SourceDate "2024.12.03"]
[SourceVersion "1"]
[SourceVersionDate "2024.12.03"]
[SourceQuality "1"]

1. Nf3 g6 2. d4 Bg7 3. g3 Nf6 4. Bg2 O-O 5. c4 c5 6. O-O d6 7. Nc3 Nc6 8. d5 Na5 9. Nd2 a6 10. Rb1 Ng4 11. Qc2 Bd7 12. b3 b5 13. Bb2 f5 14. h3 Nf6 15. e3 Rb8 16. Ne2 e5 17. dxe6 Bxe6 18. Nf4 Bf7 19. Rfd1 bxc4 20. bxc4 Qd7 21. Nb3 Nxb3 22. axb3 Rfe8 23. Rd3 Rb6 24. Rbd1 Ne4 25. Bxg7 Kxg7 26. Nd5 Bxd5 27. Rxd5 Qe6 28. h4 Qf6 29. Bxe4 fxe4 30. Qa2 Rf8 31. R1d2 Rf7 32. Qb1 Re7 33. Qd1 Re6 34. h5 a5 35. hxg6 hxg6 36. Qc2 Kf8 37. Qd1 Kg7 38. Qc2 Kf8 39. Qd1 Kg7 1/2-1/2

[Event "Hastings Premier 1985/86 61st"]
[Site "Hastings"]
[Date "1986.01.06"]
[Round "9"]
[White "Balashov, Yuri S"]
[Black "Bellon Lopez, Juan Manuel"]
[Result "1/2-1/2"]
[WhiteElo "2510"]
[BlackElo "2435"]
[PlyCount "59"]
[EventDate "1985.12.28"]
[EventType "tourn"]
[EventRounds "13"]
[EventCountry "ENG"]
[EventCategory "9"]
[SourceTitle "BritBase"]
[Source "John Saunders"]
[SourceDate "2024.12.03"]
[SourceVersion "1"]
[SourceVersionDate "2024.12.03"]
[SourceQuality "1"]

1. e4 c5 2. Nf3 e6 3. d4 cxd4 4. Nxd4 a6 5. Bd3 d6 6. Nc3 Nd7 7. O-O g6 8. Be3 Ngf6 9. Qd2 Bg7 10. Bh6 O-O 11. Bxg7 Kxg7 12. Kh1 b5 13. f4 Bb7 14. a3 e5 15. Nde2 Nc5 16. fxe5 dxe5 17. Qg5 Nfxe4 18. Nxe4 Qxg5 19. Nxg5 e4 20. Nxe4 Bxe4 21. Bxe4 Nxe4 22. Rad1 Rfd8 23. Nd4 Rd5 24. Kg1 Rad8 25. c3 R8d7 26. Rde1 Nd2 27. Rf2 Nc4 28. Re8 Re5 29. Rxe5 Nxe5 30. Re2 1/2-1/2

[Event "Hastings Premier 1985/86 61st"]
[Site "Hastings"]
[Date "1986.01.06"]
[Round "9"]
[White "Cramling, Pia"]
[Black "Petursson, Margeir"]
[Result "0-1"]
[WhiteElo "2420"]
[BlackElo "2550"]
[PlyCount "80"]
[EventDate "1985.12.28"]
[EventType "tourn"]
[EventRounds "13"]
[EventCountry "ENG"]
[EventCategory "9"]
[SourceTitle "BritBase"]
[Source "John Saunders"]
[SourceDate "2024.12.03"]
[SourceVersion "1"]
[SourceVersionDate "2024.12.03"]
[SourceQuality "1"]

1. d4 Nf6 2. Nf3 e6 3. e3 c5 4. Bd3 d5 5. b3 Qa5+ 6. c3 Bd6 7. O-O Nbd7 8. Bb2 Qc7 9. Nbd2 O-O 10. c4 cxd4 11. exd4 dxc4 12. bxc4 b6 13. Qe2 Bb7 14. Ne5 Bb4 15. f4 Bxd2 16. Qxd2 Ne4 17. Qe3 f5 18. a4 Rad8 19. Rac1 Nxe5 20. fxe5 Qd7 21. Bc2 a6 22. Bb3 b5 23. axb5 axb5 24. d5 bxc4 25. dxe6 Qxe6 26. Bxc4 Bd5 27. Bxd5 Qxd5 28. Qe2 Qe6 29. Qe3 Rd2 30. Bc3 Ra2 31. Ra1 Rfa8 32. Rxa2 Rxa2 33. Bd4 h6 34. h3 Kh8 35. Rb1 Qg6 36. Qf3 Ng5 37. Qd5 Qe6 38. Qd8+ Kh7 39. Rb6 Qc4 40. Qd7 Nf3+ 0-1

[Event "Hastings Premier 1985/86 61st"]
[Site "Hastings"]
[Date "1986.01.06"]
[Round "9"]
[White "Formanek, Edward W"]
[Black "Plaskett, H James"]
[Result "1-0"]
[WhiteElo "2350"]
[BlackElo "2480"]
[PlyCount "63"]
[EventDate "1985.12.28"]
[EventType "tourn"]
[EventRounds "13"]
[EventCountry "ENG"]
[EventCategory "9"]
[SourceTitle "BritBase"]
[Source "John Saunders"]
[SourceDate "2024.12.03"]
[SourceVersion "1"]
[SourceVersionDate "2024.12.03"]
[SourceQuality "1"]

1. d4 Nf6 2. c4 c5 3. d5 b5 4. cxb5 a6 5. bxa6 d6 6. e4 g6 7. Nc3 Bg7 8. Bb5+ Nfd7 9. a4 O-O 10. Nf3 Bxa6 11. Bg5 f5 12. O-O h6 13. Bd2 Ne5 14. Nxe5 dxe5 15. exf5 gxf5 16. Qh5 Qd6 17. g4 f4 18. Rad1 Nd7 19. Rfe1 Nf6 20. Qg6 Bxb5 21. axb5 c4 22. Ne4 Qb6 23. Nxf6+ exf6 24. Rxe5 Rf7 25. Bc3 Qxb5 26. Rf5 Rd8 27. d6 Qe8 28. Rxf4 Qe6 29. Re4 Qc8 30. Rde1 Rdf8 31. Re7 Qd8 32. R1e6 1-0

[Event "Hastings Premier 1985/86 61st"]
[Site "Hastings"]
[Date "1986.01.06"]
[Round "9"]
[White "Hjartarson, Johann"]
[Black "Mikhalchishin, Adrian"]
[Result "1/2-1/2"]
[WhiteElo "2505"]
[BlackElo "2505"]
[PlyCount "42"]
[EventDate "1985.12.28"]
[EventType "tourn"]
[EventRounds "13"]
[EventCountry "ENG"]
[EventCategory "9"]
[SourceTitle "BritBase"]
[Source "John Saunders"]
[SourceDate "2024.12.03"]
[SourceVersion "1"]
[SourceVersionDate "2024.12.03"]
[SourceQuality "1"]

1. e4 e5 2. Nf3 Nf6 3. Nxe5 d6 4. Nf3 Nxe4 5. d4 d5 6. Bd3 Nc6 7. O-O Bg4 8. c4 Be7 9. Nc3 Nf6 10. cxd5 Nxd5 11. h3 Be6 12. Ne4 Qd7 13. a3 Bf5 14. Qb3 O-O-O 15. Qc2 Bg6 16. b4 Nf6 17. Bb2 Nxe4 18. Bxe4 Bxe4 19. Qxe4 Qd5 20. Rfe1 Qxe4 21. Rxe4 f5 1/2-1/2

[Event "Hastings Premier 1985/86 61st"]
[Site "Hastings"]
[Date "1986.01.06"]
[Round "9"]
[White "Watson, William Nicholas"]
[Black "Greenfeld, Alon"]
[Result "0-1"]
[WhiteElo "2435"]
[BlackElo "2480"]
[PlyCount "80"]
[EventDate "1985.12.28"]
[EventType "tourn"]
[EventRounds "13"]
[EventCountry "ENG"]
[EventCategory "9"]
[SourceTitle "BritBase"]
[Source "John Saunders"]
[SourceDate "2024.12.03"]
[SourceVersion "1"]
[SourceVersionDate "2024.12.03"]
[SourceQuality "1"]

1. e4 e5 2. Nc3 Nf6 3. g3 c6 4. d4 Qa5 5. Bg2 d5 6. Bd2 Qb6 7. exd5 exd4 8. Qe2+ Kd8 9. O-O-O dxc3 10. Bxc3 c5 11. Nf3 Bd6 12. Rhe1 Bg4 13. Qd2 Bxf3 14. Bxf3 Qa6 15. Qg5 Nbd7 16. Qxg7 Kc7 17. Bxf6 Rhg8 18. Qxf7 Rgf8 19. Qg7 Rxf6 20. Bg4 Rd8 21. Bxd7 Rg6 22. Bb5+ Rxg7 23. Bxa6 bxa6 24. Re6 h5 25. Rh6 Rf8 26. f4 Rf5 27. c4 Rxf4 28. Rxh5 Rxc4+ 29. Kb1 Rf7 30. Rc1 Rd4 31. a3 Rd2 32. Rc3 a5 33. b4 Rf1+ 34. Rc1 Rff2 35. Rh7+ Kb6 36. bxc5+ Bxc5 37. Rc3 Bxa3 38. Rc6+ Kb5 39. Rb7+ Ka4 40. Rc4+ Bb4 0-1

[Event "Hastings Premier 1985/86 61st"]
[Site "Hastings"]
[Date "1986.01.08"]
[Round "10"]
[White "Balashov, Yuri S"]
[Black "Formanek, Edward W"]
[Result "1-0"]
[WhiteElo "2510"]
[BlackElo "2350"]
[PlyCount "75"]
[EventDate "1985.12.28"]
[EventType "tourn"]
[EventRounds "13"]
[EventCountry "ENG"]
[EventCategory "9"]
[SourceTitle "BritBase"]
[Source "John Saunders"]
[SourceDate "2024.12.03"]
[SourceVersion "1"]
[SourceVersionDate "2024.12.03"]
[SourceQuality "1"]

1. e4 e5 2. Bc4 Nf6 3. d3 Bc5 4. Nf3 d6 5. c3 Bb6 6. O-O Qe7 7. Nbd2 Be6 8. Bb3 Nbd7 9. Re1 Bxb3 10. axb3 O-O 11. Nc4 Rfe8 12. Ne3 g6 13. Nc4 Nh5 14. d4 Kh8 15. Be3 Rg8 16. dxe5 dxe5 17. Qd5 Bxe3 18. Rxe3 c6 19. Qd6 Rge8 20. Rd1 f6 21. b4 Nb6 22. Qxe7 Rxe7 23. Na5 Nf4 24. c4 Rae8 25. c5 Nc8 26. g3 Ne6 27. Red3 a6 28. Rd7 Na7 29. Rxb7 Rxb7 30. Nxb7 Re7 31. Na5 Nd4 32. Nxd4 Rd7 33. Kf1 exd4 34. Ke2 Kg7 35. Kd3 Kf7 36. Kc4 Ke6 37. Nb3 Ke5 38. Nxd4 1-0

[Event "Hastings Premier 1985/86 61st"]
[Site "Hastings"]
[Date "1986.01.08"]
[Round "10"]
[White "Bellon Lopez, Juan Manuel"]
[Black "Greenfeld, Alon"]
[Result "1-0"]
[WhiteElo "2435"]
[BlackElo "2480"]
[PlyCount "67"]
[EventDate "1985.12.28"]
[EventType "tourn"]
[EventRounds "13"]
[EventCountry "ENG"]
[EventCategory "9"]
[SourceTitle "BritBase"]
[Source "John Saunders"]
[SourceDate "2024.12.03"]
[SourceVersion "1"]
[SourceVersionDate "2024.12.03"]
[SourceQuality "1"]

1. d4 d5 2. Nf3 Nf6 3. c4 e6 4. Nc3 Be7 5. Bg5 h6 6. Bh4 O-O 7. e3 b6 8. Qc2 Bb7 9. Bxf6 Bxf6 10. cxd5 exd5 11. O-O-O c5 12. g4 cxd4 13. exd4 Qd6 14. Qd2 Nc6 15. h4 Be7 16. Bd3 Rac8 17. Kb1 Na5 18. Ne5 Nc4 19. Nxc4 dxc4 20. Be4 Bxe4+ 21. Nxe4 Qg6 22. f3 b5 23. h5 Qb6 24. d5 b4 25. Qd4 c3 26. Rh2 Qxd4 27. Rxd4 f5 28. d6 Bf6 29. Nxf6+ Rxf6 30. Re2 Kf7 31. gxf5 Rxf5 32. Re7+ Kf8 33. d7 Rd8 34. Rde4 1-0

[Event "Hastings Premier 1985/86 61st"]
[Site "Hastings"]
[Date "1986.01.08"]
[Round "10"]
[White "Braga, Fernando Alberto"]
[Black "Conquest, Stuart C"]
[Result "1/2-1/2"]
[WhiteElo "2455"]
[BlackElo "2345"]
[PlyCount "103"]
[EventDate "1985.12.28"]
[EventType "tourn"]
[EventRounds "13"]
[EventCountry "ENG"]
[EventCategory "9"]
[SourceTitle "BritBase"]
[Source "John Saunders"]
[SourceDate "2024.12.03"]
[SourceVersion "1"]
[SourceVersionDate "2024.12.03"]
[SourceQuality "1"]

1. e4 c5 2. Nf3 d6 3. d4 cxd4 4. Nxd4 Nf6 5. Nc3 g6 6. Be2 Bg7 7. O-O O-O 8. Be3 Nc6 9. Nb3 Be6 10. f4 Qc8 11. Bf3 Ng4 12. Bxg4 Bxg4 13. Qe1 Be6 14. f5 gxf5 15. Qh4 Kh8 16. Rf3 Bf6 17. Qh5 f4 18. Rxf4 Rg8 19. Rxf6 exf6 20. Qh4 Rg6 21. Rf1 Qg8 22. g3 Qg7 23. Nd4 Rg4 24. Qxf6 Qxf6 25. Rxf6 Kg7 26. Rf2 Nxd4 27. Bxd4+ Kf8 28. Rd2 Ke7 29. Be3 a6 30. Bf4 Rd8 31. Kf2 b5 32. h4 Rgg8 33. Ke3 Rd7 34. Nd5+ Bxd5 35. Rxd5 Ke6 36. a4 Rb8 37. Rd4 Rc8 38. axb5 axb5 39. Rb4 Rc5 40. c3 h5 41. Rd4 d5 42. exd5+ Rcxd5 43. Re4+ Kf5 44. Kf3 Ra7 45. Re8 Ra2 46. Rh8 Rxb2 47. Rxh5+ Ke6 48. Rxd5 Kxd5 49. Kg4 Ke6 50. Bc7 b4 51. cxb4 Rxb4+ 52. Bf4 1/2-1/2

[Event "Hastings Premier 1985/86 61st"]
[Site "Hastings"]
[Date "1986.01.08"]
[Round "10"]
[White "Mikhalchishin, Adrian"]
[Black "Watson, William Nicholas"]
[Result "1-0"]
[WhiteElo "2505"]
[BlackElo "2435"]
[PlyCount "79"]
[EventDate "1985.12.28"]
[EventType "tourn"]
[EventRounds "13"]
[EventCountry "ENG"]
[EventCategory "9"]
[SourceTitle "BritBase"]
[Source "John Saunders"]
[SourceDate "2024.12.03"]
[SourceVersion "1"]
[SourceVersionDate "2024.12.03"]
[SourceQuality "1"]

1. e4 c5 2. Nf3 d6 3. d4 cxd4 4. Nxd4 Nf6 5. Nc3 g6 6. Be3 Bg7 7. f3 O-O 8. Qd2 Nc6 9. Bc4 Bd7 10. O-O-O Rc8 11. Bb3 Ne5 12. Bg5 Qa5 13. Rhe1 Rc5 14. f4 Nc6 15. Nf3 Be6 16. Kb1 Rc8 17. Nd5 Bxd5 18. exd5 Nb4 19. c3 Nbxd5 20. Bxf6 Nxf6 21. Rxe7 d5 22. Ng5 R8c7 23. Qe3 Bf8 24. Rxc7 Qxc7 25. Qe5 Qd6 26. g3 b5 27. Nf3 a5 28. a3 Kg7 29. Rd4 Qd8 30. Qe2 Bd6 31. Ne5 Qe7 32. Rd2 Ne4 33. Bxd5 Bxe5 34. Qxe4 Rxd5 35. Qxd5 Bf6 36. Qxb5 Qe1+ 37. Ka2 Qxd2 38. Qxa5 Qxh2 39. Qc7 Kh6 40. g4 {time} 1-0

[Event "Hastings Premier 1985/86 61st"]
[Site "Hastings"]
[Date "1986.01.08"]
[Round "10"]
[White "Plaskett, H James"]
[Black "Cramling, Pia"]
[Result "1/2-1/2"]
[WhiteElo "2480"]
[BlackElo "2420"]
[PlyCount "145"]
[EventDate "1985.12.28"]
[EventType "tourn"]
[EventRounds "13"]
[EventCountry "ENG"]
[EventCategory "9"]
[SourceTitle "BritBase"]
[Source "John Saunders"]
[SourceDate "2024.12.03"]
[SourceVersion "1"]
[SourceVersionDate "2024.12.03"]
[SourceQuality "1"]

1. d4 Nf6 2. Nf3 e6 3. Bg5 h6 4. Bxf6 Qxf6 5. e4 d6 6. e5 Qd8 7. Bd3 b6 8. Qe2 Bb7 9. a4 a6 10. O-O Nd7 11. Re1 Be7 12. c4 dxe5 13. dxe5 Bb4 14. Rd1 Bxf3 15. Qxf3 Nxe5 16. Qe4 Bd6 17. a5 Nxd3 18. Rxd3 O-O 19. Nc3 Qe7 20. axb6 cxb6 21. Rad1 Rad8 22. Na4 Qc7 23. g3 Be7 24. Rxd8 Rxd8 25. Rxd8+ Bxd8 26. b4 Qd6 27. Qa8 Kh7 28. c5 Qd1+ 29. Kg2 Qxa4 30. Qxd8 bxc5 31. Qd3+ f5 32. bxc5 Qc6+ 33. Kg1 Qxc5 34. Qxa6 Qd5 35. Qc8 Qe4 36. h3 Qe1+ 37. Kg2 Qe4+ 38. Kg1 Qe5 39. Kg2 Qf6 40. Qd7 Kg6 41. Qe8+ Qf7 42. Qc6 Qe7 43. Kg1 Kh7 44. Qc8 Qf6 45. Kg2 Qe5 46. Kg1 Qe4 47. Qd7 e5 48. Qe6 f4 49. gxf4 Qxf4 50. Kg2 Qf6 51. Qb3 Kg6 52. Qb7 Qf5 53. Qb6+ Kh5 54. Qc7 Kh4 55. Qc3 Qg5+ 56. Kh2 g6 57. Qe1 Qf4+ 58. Kg2 Kg5 59. f3 Qd4 60. Qc1+ Kh5 61. Qc2 Qe3 62. Qb2 Qg5+ 63. Kh2 Qf4+ 64. Kg2 Kg5 65. Qe2 h5 66. Qc2 h4 67. Qf2 e4 68. fxe4 Qxe4+ 69. Qf3 Qc2+ 70. Kf1 Qc1+ 71. Kg2 Qd2+ 72. Kf1 Qf4 73. Kg2 1/2-1/2

[Event "Hastings Premier 1985/86 61st"]
[Site "Hastings"]
[Date "1986.01.09"]
[Round "11"]
[White "Conquest, Stuart C"]
[Black "Petursson, Margeir"]
[Result "1/2-1/2"]
[WhiteElo "2345"]
[BlackElo "2550"]
[PlyCount "22"]
[EventDate "1985.12.28"]
[EventType "tourn"]
[EventRounds "13"]
[EventCountry "ENG"]
[EventCategory "9"]
[SourceTitle "BritBase"]
[Source "John Saunders"]
[SourceDate "2024.12.03"]
[SourceVersion "1"]
[SourceVersionDate "2024.12.03"]
[SourceQuality "1"]

1. d4 d5 2. c4 e6 3. Nf3 c5 4. cxd5 exd5 5. Bg5 Be7 6. Bxe7 Qxe7 7. dxc5 Nf6 8. Nc3 Qxc5 9. e3 Nc6 10. Be2 O-O 11. O-O Rd8 1/2-1/2

[Event "Hastings Premier 1985/86 61st"]
[Site "Hastings"]
[Date "1986.01.09"]
[Round "11"]
[White "Cramling, Pia"]
[Black "Balashov, Yuri S"]
[Result "0-1"]
[WhiteElo "2420"]
[BlackElo "2510"]
[PlyCount "42"]
[EventDate "1985.12.28"]
[EventType "tourn"]
[EventRounds "13"]
[EventCountry "ENG"]
[EventCategory "9"]
[SourceTitle "BritBase"]
[Source "John Saunders"]
[SourceDate "2024.12.03"]
[SourceVersion "1"]
[SourceVersionDate "2024.12.03"]
[SourceQuality "1"]

1. e4 e5 2. Nf3 Nc6 3. Bb5 a6 4. Ba4 Nf6 5. d4 exd4 6. O-O Be7 7. Re1 b5 8. Bb3 d6 9. Bd5 Nxd5 10. exd5 Ne5 11. Nxd4 O-O 12. a4 Bg4 13. f3 Bd7 14. Nc3 b4 15. Nce2 Bf6 16. b3 Re8 17. Bf4 Qb8 18. Qd2 Qb7 19. c4 bxc3 20. Nxc3 Qb4 21. Ne4 Qxd4+ 0-1

[Event "Hastings Premier 1985/86 61st"]
[Site "Hastings"]
[Date "1986.01.09"]
[Round "11"]
[White "Fedorowicz, John P"]
[Black "Plaskett, H James"]
[Result "1/2-1/2"]
[WhiteElo "2515"]
[BlackElo "2480"]
[PlyCount "20"]
[EventDate "1985.12.28"]
[EventType "tourn"]
[EventRounds "13"]
[EventCountry "ENG"]
[EventCategory "9"]
[SourceTitle "BritBase"]
[Source "John Saunders"]
[SourceDate "2024.12.03"]
[SourceVersion "1"]
[SourceVersionDate "2024.12.03"]
[SourceQuality "1"]

1. c4 Nf6 2. Nf3 c5 3. g3 Nc6 4. Nc3 e6 5. Bg2 d5 6. cxd5 Nxd5 7. O-O Be7 8. Nxd5 exd5 9. d4 O-O 10. Qc2 b6 1/2-1/2

[Event "Hastings Premier 1985/86 61st"]
[Site "Hastings"]
[Date "1986.01.09"]
[Round "11"]
[White "Formanek, Edward W"]
[Black "Bellon Lopez, Juan Manuel"]
[Result "1-0"]
[WhiteElo "2350"]
[BlackElo "2435"]
[PlyCount "83"]
[EventDate "1985.12.28"]
[EventType "tourn"]
[EventRounds "13"]
[EventCountry "ENG"]
[EventCategory "9"]
[SourceTitle "BritBase"]
[Source "John Saunders"]
[SourceDate "2024.12.03"]
[SourceVersion "1"]
[SourceVersionDate "2024.12.03"]
[SourceQuality "1"]

1. d4 Nf6 2. c4 c5 3. d5 b5 4. a4 bxc4 5. Nc3 Qa5 6. Bd2 Na6 7. e4 d6 8. Bxc4 Nb4 9. Nge2 g6 10. Bb5+ Bd7 11. O-O Bg7 12. Bg5 Qc7 13. Bc4 O-O 14. Qd2 Rfe8 15. h3 Bc8 16. Bh6 Ba6 17. Bxg7 Kxg7 18. b3 Bxc4 19. bxc4 Nd7 20. f4 a6 21. a5 e6 22. dxe6 fxe6 23. Rfd1 d5 24. cxd5 exd5 25. Nxd5 Nxd5 26. exd5 Re4 27. Ng3 Rb4 28. d6 Qc6 29. f5 Rd4 30. Qc3 Qb5 31. Rxd4 cxd4 32. Qxd4+ Qe5 33. Qxe5+ Nxe5 34. Rc1 Rd8 35. Rc7+ Kf6 36. Rxh7 gxf5 37. Rh6+ Ng6 38. h4 f4 39. h5 fxg3 40. Rxg6+ Kf5 41. Rxg3 Rxd6 42. Rg6 1-0

[Event "Hastings Premier 1985/86 61st"]
[Site "Hastings"]
[Date "1986.01.09"]
[Round "11"]
[White "Greenfeld, Alon"]
[Black "Mikhalchishin, Adrian"]
[Result "0-1"]
[WhiteElo "2480"]
[BlackElo "2505"]
[PlyCount "64"]
[EventDate "1985.12.28"]
[EventType "tourn"]
[EventRounds "13"]
[EventCountry "ENG"]
[EventCategory "9"]
[SourceTitle "BritBase"]
[Source "John Saunders"]
[SourceDate "2024.12.03"]
[SourceVersion "1"]
[SourceVersionDate "2024.12.03"]
[SourceQuality "1"]

1. Nf3 Nf6 2. c4 g6 3. Nc3 d5 4. cxd5 Nxd5 5. Qa4+ Bd7 6. Qh4 Nxc3 7. dxc3 Nc6 8. e4 e5 9. Bg5 Be7 10. Qh6 Bxg5 11. Nxg5 Qe7 12. Bc4 f6 13. Nf7 Rf8 14. Qxh7 Nd8 15. Nd6+ cxd6 16. Qxg6+ Nf7 17. O-O-O O-O-O 18. Bd5 Ng5 19. h4 Ne6 20. g3 Rh8 21. Qg4 Nd4 22. Qg6 Ne6 23. Qg4 Nf4 24. Qf3 Nxd5 25. exd5 Qg7 26. Rd2 Qh6 27. Re1 f5 28. Qd3 Kb8 29. b3 Rhg8 30. Kb2 Rg4 31. a4 f4 32. Rde2 Rdg8 0-1

[Event "Hastings Premier 1985/86 61st"]
[Site "Hastings"]
[Date "1986.01.09"]
[Round "11"]
[White "Hjartarson, Johann"]
[Black "Braga, Fernando Alberto"]
[Result "1-0"]
[WhiteElo "2505"]
[BlackElo "2455"]
[PlyCount "81"]
[EventDate "1985.12.28"]
[EventType "tourn"]
[EventRounds "13"]
[EventCountry "ENG"]
[EventCategory "9"]
[SourceTitle "BritBase"]
[Source "John Saunders"]
[SourceDate "2024.12.03"]
[SourceVersion "1"]
[SourceVersionDate "2024.12.03"]
[SourceQuality "1"]

1. c4 c5 2. Nf3 Nc6 3. Nc3 g6 4. e3 Bg7 5. d4 d6 6. Be2 Nf6 7. O-O O-O 8. h3 a6 9. d5 Na7 10. a4 e5 11. a5 Bd7 12. Ra3 Rc8 13. Bd2 Rc7 14. Na4 Ne4 15. Be1 f5 16. b4 g5 17. Nh2 h5 18. Nb6 g4 19. f3 cxb4 20. Bxb4 Ng3 21. Re1 Nc8 22. Na8 Rc5 23. Bxc5 dxc5 24. hxg4 fxg4 25. e4 Qh4 26. fxg4 Bh6 27. Qd3 Bf4 28. Nf3 Qxg4 29. Bd1 Qg6 30. Nc7 h4 31. Nxh4 Qg5 32. Nf3 Qh6 33. Ne6 Bxe6 34. dxe6 Ne7 35. Rb3 Nc6 36. e7 Nxe7 37. Rxb7 Ng6 38. Rb6 Bg5 39. Rxg6+ Qxg6 40. Nxe5 Qh6 41. Qxg3 1-0

[Event "Hastings Premier 1985/86 61st"]
[Site "Hastings"]
[Date "1986.01.09"]
[Round "11"]
[White "Watson, William Nicholas"]
[Black "Rukavina, Josip"]
[Result "0-1"]
[WhiteElo "2435"]
[BlackElo "2510"]
[PlyCount "84"]
[EventDate "1985.12.28"]
[EventType "tourn"]
[EventRounds "13"]
[EventCountry "ENG"]
[EventCategory "9"]
[SourceTitle "BritBase"]
[Source "John Saunders"]
[SourceDate "2024.12.03"]
[SourceVersion "1"]
[SourceVersionDate "2024.12.03"]
[SourceQuality "1"]

1. e4 g6 2. d4 Bg7 3. Nc3 c6 4. Be3 d5 5. f3 Qb6 6. Qd2 Qxb2 7. Rb1 Qa3 8. exd5 Nf6 9. dxc6 bxc6 10. Bc4 O-O 11. Nge2 Nbd7 12. Bh6 Nb6 13. Bd3 Ba6 14. Bxg7 Kxg7 15. O-O Rfd8 16. Rb3 Qa5 17. Bxa6 Qxa6 18. Re1 c5 19. Qe3 cxd4 20. Nxd4 Qc4 21. Nce2 Rd7 22. c3 Rc8 23. f4 Rc5 24. h3 Ra5 25. a3 Qc5 26. Ng3 Rc7 27. Kh2 Qc4 28. Qf3 Rac5 29. Re5 Kf8 30. Rb4 Qa6 31. Rxc5 Rxc5 32. f5 Qc8 33. Qe3 Nbd5 34. Qh6+ Kg8 35. fxg6 fxg6 36. c4 Nxb4 37. axb4 Rxc4 38. Ndf5 gxf5 39. Qg5+ Kh8 40. Nxf5 Qb8+ 41. Kh1 Qg8 42. Qe3 Rc2 0-1

[Event "Hastings Premier 1985/86 61st"]
[Site "Hastings"]
[Date "1986.01.10"]
[Round "12"]
[White "Braga, Fernando Alberto"]
[Black "Watson, William Nicholas"]
[Result "1/2-1/2"]
[WhiteElo "2455"]
[BlackElo "2435"]
[PlyCount "83"]
[EventDate "1985.12.28"]
[EventType "tourn"]
[EventRounds "13"]
[EventCountry "ENG"]
[EventCategory "9"]
[SourceTitle "BritBase"]
[Source "John Saunders"]
[SourceDate "2024.12.03"]
[SourceVersion "1"]
[SourceVersionDate "2024.12.03"]
[SourceQuality "1"]

1. e4 c6 2. Nc3 d5 3. Nf3 Bg4 4. h3 Bxf3 5. Qxf3 e6 6. d4 dxe4 7. Qg3 Nf6 8. Bg5 Nbd7 9. O-O-O Qa5 10. Bc4 Bb4 11. Bd2 O-O 12. a3 Bxc3 13. Bxc3 Qf5 14. Be2 a5 15. Bd2 b5 16. f3 Nb6 17. Qh4 b4 18. Bg5 bxa3 19. bxa3 Nbd5 20. g4 Qg6 21. Bxf6 gxf6 22. fxe4 Nc3 23. Rde1 Qxe4 24. Bd3 Qf4+ 25. Kb2 Na4+ 26. Ka2 h6 27. Rhf1 Nc3+ 28. Kb2 Na4+ 29. Ka2 Nc3+ 30. Kb2 Qxd4 31. Qxf6 Rab8+ 32. Kc1 Qxf6 33. Rxf6 Kg7 34. Rf4 Rb6 35. Kd2 Nd5 36. Ra4 Ra8 37. Ree4 Kf8 38. Rec4 Ke7 39. Rc5 Kd6 40. Rcxa5 Rxa5 41. Rxa5 Nf4 42. Ra7 1/2-1/2

[Event "Hastings Premier 1985/86 61st"]
[Site "Hastings"]
[Date "1986.01.10"]
[Round "12"]
[White "Formanek, Edward W"]
[Black "Cramling, Pia"]
[Result "0-1"]
[WhiteElo "2350"]
[BlackElo "2420"]
[PlyCount "70"]
[EventDate "1985.12.28"]
[EventType "tourn"]
[EventRounds "13"]
[EventCountry "ENG"]
[EventCategory "9"]
[SourceTitle "BritBase"]
[Source "John Saunders"]
[SourceDate "2024.12.03"]
[SourceVersion "1"]
[SourceVersionDate "2024.12.03"]
[SourceQuality "1"]

1. d4 Nf6 2. c4 d6 3. Nc3 Nbd7 4. e4 e5 5. Be2 c6 6. Be3 Be7 7. h3 a6 8. Qc2 b5 9. d5 cxd5 10. cxd5 O-O 11. Nf3 Nb6 12. Nd2 Bd7 13. a3 Qc7 14. O-O Rfc8 15. Rfc1 Qb7 16. b3 Ne8 17. Qb2 f5 18. f3 Bh4 19. Kh1 Nf6 20. Bd3 Nh5 21. Ne2 f4 22. Bg1 Rf8 23. a4 b4 24. a5 Nc8 25. Nc4 Bxh3 26. Nxd6 Nxd6 27. Qxe5 Rf6 28. gxh3 Rh6 29. Nxf4 Bg3 30. Qxh5 Rxh5 31. Nxh5 Be5 32. Bh2 Bxh2 33. Kxh2 Qf7 34. Nxg7 Qf4+ 35. Kg2 Kxg7 0-1

[Event "Hastings Premier 1985/86 61st"]
[Site "Hastings"]
[Date "1986.01.10"]
[Round "12"]
[White "Petursson, Margeir"]
[Black "Hjartarson, Johann"]
[Result "1/2-1/2"]
[WhiteElo "2550"]
[BlackElo "2505"]
[PlyCount "32"]
[EventDate "1985.12.28"]
[EventType "tourn"]
[EventRounds "13"]
[EventCountry "ENG"]
[EventCategory "9"]
[SourceTitle "BritBase"]
[Source "John Saunders"]
[SourceDate "2024.12.03"]
[SourceVersion "1"]
[SourceVersionDate "2024.12.03"]
[SourceQuality "1"]

1. Nf3 d5 2. d4 Nf6 3. c4 c6 4. e3 Bf5 5. Bd3 Bxd3 6. Qxd3 e6 7. Nc3 Nbd7 8. O-O Bd6 9. b3 O-O 10. Bb2 Qe7 11. e4 dxe4 12. Nxe4 Nxe4 13. Qxe4 Ba3 14. Bc3 Bb4 15. Bb2 Ba3 16. Bc3 Bb4 1/2-1/2